| 000 | 00372nam a22001577a 4500 | ||
|---|---|---|---|
| 999 |
_c10985 _d10985 |
||
| 003 | OSt | ||
| 008 | 210814b ||||| |||| 00| 0 eng d | ||
| 020 | _a9789388810456 | ||
| 082 |
_a820.32 _bTWG |
||
| 100 | G | _aTWAIN, Mark | |
| 245 | _aGreatest Novels of Mark Twain | ||
| 260 |
_aNew Delhi _bFingerprint Pub. _c2020 |
||
| 300 | _a984 | ||
| 650 | _aNovel | ||
| 942 |
_2ddc _cBK |
||